Germany: Flags of the States - Statistics

General Stats
  • This quiz has been taken 133 times
  • The average score is 11 of 16
Answer Stats
Picture Answer % Correct
Bavaria
96%
Berlin
94%
Hamburg
85%
Saxony
81%
Baden-Württemberg
76%
Bremen
75%
North Rhine-Westphalia
72%
Lower Saxony
70%
Brandenburg
61%
Hesse
61%
Rhineland-Palatinate
61%
Mecklenburg-Vorpommern
60%
Saxony-Anhalt
60%
Saarland
57%
Schleswig-Holstein
57%
Thuringia
55%
No matching quizzes found
Score Distribution
Percent of People with Each Score
Percentile by Number Answered
Your Score History
You have not taken this quiz